00488 a2200169 4500001000700000003000400007005001700011008004100028082001600069100002100085245010500106260004100211300001000252700001900262700001800281700001900299066778OSt20211007123640.0  a005.1bS55A1 aSloss, Andrew N.1 aARM system developers guide: designing and optimizing system softwarecby Andrew N. Sloss...[et.al.] aSan FranciscobMorgan kaufmannc2010 a689p. aSymes, Dominic aWright, Chris aRayfield, John